Countries With the Most Smokers - Statistics

General Stats
  • This quiz has been taken 63 times
  • The average score is 13 of 17
Answer Stats
Smoking Population Country Smoking Population Rate (%) % Correct
324 Million China 22.9%
98%
82 Million United States 23.6%
97%
41.6 Million Russia 28.9%
95%
319 Million India 21.8%
91%
23.1 Million France 34.6%
88%
111 Million Indonesia 38.7%
88%
18.6 Million Mexico 14.1%
88%
23.6 Million Brazil 11.1%
84%
21.9 Million Japan 17.8%
84%
16.6 Million Germany 19.7%
79%
43.9 Million Pakistan 17.2%
78%
30.5 Million Egypt 25.8%
69%
26.5 Million Türkiye 30.2%
69%
22 Million Vietnam 21.7%
67%
54.1 Million Bangladesh 30.8%
64%
22.3 Million Philippines 19.1%
62%
23.2 Million Myanmar 42.3%
36%
No matching quizzes found
Score Distribution
Percent of People with Each Score
Percentile by Number Answered
Your Score History
You have not taken this quiz